000 00474nam a2200193Ia 4500
003 STCL
008 230729s9999 xx 000 0 und d
020 _a9788183773041
_qHB
040 _aSTCL
_cSTCL
_bEN
082 _222
100 _aRam, B D
245 0 _aNGOs: management and governance
246 _aNgos management and governance
260 _bMahaveer and Sons
_aNew Delhi
_c2011
300 _a288 p
365 _b925
546 _aEnglish
942 _2DDC
_e22
_cBK
999 _c90827
_d90827